| 000 | 01127nam0a22002531 4500 | ||
|---|---|---|---|
| 001 | rc\3031518 | ||
| 005 | 20250806201647.0 | ||
| 035 | _a(NLR Aleph) 007172436 | ||
| 090 |
_a13412 _c13412 |
||
| 100 | _a20111001d1945 u y0rusy50 ca | ||
| 101 | 0 | _arus | |
| 102 | _aRU | ||
| 105 | _ac z ||||| | ||
| 200 | 1 |
_aXXV лет Государственного русского театра оперы и балета им. Свердлова _e[Статья о творческом пути театра и состав труппы] _fУпр. по делам искусств при СНК УзССР |
|
| 210 |
_aТашкент _c[Упр. по делам искусств при Совнаркоме Уз. ССР] _d1945 _gТип. № 2 |
||
| 215 |
_a38 с. _cпортр. _d21 см |
||
| 710 | 0 | 2 |
_aРусский театр оперы и балета им. Свердлова _cТашкент _3RU\NLR\AUTH\889923534 |
| 801 | 0 |
_aRU _bNLR _gpsbo |
|
| 801 | 1 |
_aRU _bELAR _2rusmarc |
|
| 852 |
_aNLR _jИс70 Г-4/63 |
||
| 942 | _cBOOK | ||
| 945 | _aРоссийская национальная библиотека | ||
| 980 | _aNB | ||
| 980 | _aBV | ||